000 00285nam a22001337a 4500
008 181031b xxu||||| |||| 00| 0 eng d
020 _a0132175703
041 _aeng
080 _a101
100 _a24
101 _aFIL
245 _aDoing Philosophy
_cKaten, Th. E
942 _2udc
_cBK
999 _c51366
_d51366